Responses for Show #2240 - Friday, May 6, 1994

1994 College Championship quarterfinal game 5.

Contestants

[<< previous game]

Matthew Stone, a junior from the University of Illinois

Jeff Stewart, a senior from Brigham Young University

Keri Ellis, a senior from Michigan Technological University

[next game >>]

Jeopardy! Round responses

RULERS
1994 CALENDARS
COMMUNICATIONS
WORLD GEOGRAPHY
COOKING
DOUBLE Z WORDS
    $100 20
the Aztec Empire

Jeff
    $100 21
cats

Jeff
    $100 11
Spanish

Jeff
    $100 1
the Sahara

Jeff
    $100 26
(Matthew: What are muffins?)
(Keri: What are oysters?)
[Laughter]

potatoes

KeriMatthew
Triple Stumper
    $100 2
a drizzle

Matthew
    $200 19
de Medici

Keri
    $200 22
Billy Graham

Keri
    $200 12
citizens band

Jeff
    $200 3
Australia

Keri
    $200 27
mustard

Keri
    $200 7
buzzard

Jeff
    $300 13
Yugoslavia

Jeff
    $300 23
Siskel & Ebert

Jeff
    $300 15
(Matthew: Who is Dole?)

(Albert) Gore (Jr.)

JeffMatthew
    $300 4
Crete

Matthew
    $300 28
eggs

Keri
    $300 8
embezzling

Matthew
    $400 14
Nefertiti

Matthew
    $400 24
Elvira

Jeff
    $400 16
the Weather Channel

Keri
    $400 5
Egypt

Jeff
    $400 29
a gizzard

Matthew
    $400 9
Fuzzy Wuzzy

Keri
    $500 18
(Keri: Who is Edward VI?)
(Jeff: Who is Edward V?)

Edward VIII

KeriJeff
Triple Stumper
    $500 25
(Jeff: Who is Cindy Crawford?)

Kathy Ireland

Jeff
    $500 17
a fax (machine)

Jeff
    $500 6
the Bay of Biscay

Keri
    $500 30
a mince(meat) pie

Matthew
    $500 10
an intermezzo

Keri

Scores at the first commercial break (after clue 15):

Keri Jeff Matthew
$1,600 $1,600 $800

Scores at the end of the Jeopardy! Round:

Keri Jeff Matthew
$2,300 $2,000 $1,600

Double Jeopardy! Round responses

THE VIETNAM WAR
NOTABLE WOMEN
HEALTH & MEDICINE
RELIGION
PEOPLE & PLACES
AMERICAN LITERATURE
    $200 18
the right to vote

Keri
    $200 3
Bush

Jeff
    $200 13
aspirin

Jeff
    $200 19
[Laughter]

Mormonism

Jeff
    $200 27
Memphis

Jeff
    $200 1
The Grapes of Wrath

Jeff
    $400 12
agent orange

Jeff
    $400 5
Feinstein

Jeff
    $400 14
high blood pressure

Keri
    $400 20
John Wesley

Matthew
    $400 28
Monaco

Matthew
    $400 7
the Ambersons

Matthew
    $600 2
the Ho Chi Minh Trail

Keri
    $600 9
the violin

Keri
    $600 15
a depilatory

Keri
    $600 23
Judaism

Jeff
    $600 30
Gypsies

Jeff
    $600 8
Hester Prynne

Keri
    $800 4
Secretary of Defense

Matthew
    $800 10
the Lincoln Center

Triple Stumper
    $800 16
magnetic

Jeff
    $500 24
(Jeff: What is Numbers?)

Deuteronomy

Jeff
    $300 25
Belgium

Jeff
    $800 21
(Jeff: What's "The Legend of Sleepy Hollow"?)

"Rip Van Winkle"

JeffMatthew
    $1000 6
Westmoreland

Matthew
    $1000 11
(Tina) Brown

Jeff
    $1000 17
Epstein-Barr

Jeff
    $1000 26
(Jeff: What is Buddhism?)

Sikhism

Jeff
Triple Stumper
    $1000 29
Glaswegians

Triple Stumper
    $1000 22
(Matthew: Who is Buck?)

White Fang

JeffMatthew

Scores at the end of the Double Jeopardy! Round:

Keri Jeff Matthew
$5,300 $6,800 $4,400

Final Jeopardy! Round responses

ARTISTS
MatthewWho was Van Gogh?
$4,398
KeriWho was [a letter crossed out] Van Gogh?
$5,000
JeffWho was Van Gough
$4,000
Vincent van Gogh

Final scores:

Keri Jeff Matthew
$10,300 $10,800 $8,798
2nd place: $1,000 if eliminated Automatic semifinalist 3rd place: $1,000 if eliminated

Game dynamics:

Coryat scores:

Keri Jeff Matthew
$5,300 $8,300 $4,400
15 R,
2 W
26 R
(including 1 DD),
5 W
(including 2 DDs)
12 R,
3 W

Combined Coryat: $18,000

[game clues] [game scores] [suggest correction]

Game tape date: 1994-02-27
The J! Archive is created by fans, for fans. Scraping, republication, monetization, and malicious use prohibited; this site may use cookies and collect identifying information. See terms. The Jeopardy! game show and all elements thereof, including but not limited to copyright and trademark thereto, are the property of Jeopardy Productions, Inc. and are protected under law. This website is not affiliated with, sponsored by, or operated by Jeopardy Productions, Inc. Join the discussion at JBoard.tv.